| 000 | 00466nam a22001697a 4500 | ||
|---|---|---|---|
| 003 | CEME | ||
| 005 | 20210628204140.0 | ||
| 008 | 210112b xxu||||| |||| 00| 0 eng d | ||
| 020 | _a9780470268647 | ||
| 040 | _cceme | ||
| 082 | _a621.31 ZHA | ||
| 100 |
_aZhang, Xiao Ping _968953 |
||
| 245 | _aRestructured electric power systems , analysis of electricity markets with equilibrium models | ||
| 260 |
_aUSA _bWILEY _c2010 |
||
| 300 | _aXX, 307P | ||
| 942 |
_cBK _2ddc |
||
| 999 |
_c576394 _d576394 |
||